=LDR 00000nam 2200000 4500 =001 INLIS000000000014333 =005 20130612105618 =008 ***********************************Ind** =035 ##$$0010-061300000014333 =041 ##$$a Ind =082 ##$$a 813 =090 ##$$a 813, Mer m =100 ##$$a martha, I.B.Made =245 ##$$a Meniti kabut, I.B.Made Merth =260 ##$$a 2002 $b ( s . l ) =300 ##$$a vii, 103 hlm, Il, 20 cm =650 ##$$a Fiksi Indonesia =850 ##$$a NBPNMAT =990 ##$$a 3120431204